| 000 | 00447nam a22001577a 4500 | ||
|---|---|---|---|
| 999 |
_c17979 _d17979 |
||
| 008 | 191016b xxu||||| |||| 00| 0 eng d | ||
| 020 | _a1138048799 | ||
| 040 |
_aKABU _cKABU |
||
| 050 |
_aTX911.3 _b.M27H68 2018 c. 1 |
||
| 245 |
_aHotel accommodation management _cedited by Roy C. Wood |
||
| 260 |
_aLondon _bRoutledge _c2018 |
||
| 300 | _axix, 209 p. | ||
| 650 | _aHotel Management | ||
| 700 | _aWood, Roy C. | ||
| 942 |
_2lcc _cBK _hTX911.3 |
||